Isai Mazhab Ka Photo : / عيسا‏‏ئی مذہب کا فوٹو (Record no. 26755)

MARC details
000 -LEADER
fixed length control field 00613nam a22001697a 4500
003 - CONTROL NUMBER IDENTIFIER
control field BDDh-ASL
005 - DATE AND TIME OF LATEST TRANSACTION
control field 20231015030700.0
008 - FIXED-LENGTH DATA ELEMENTS--GENERAL INFORMATION
fixed length control field 211018s1913 ii ||||| |||| 00| 0 u d
040 ## - CATALOGING SOURCE
Original cataloging agency BDDh-ASL
Transcribing agency BDDh-ASL
082 ## - DEWEY DECIMAL CLASSIFICATION NUMBER
Classification number 297.3
Item number ALI
100 1# - MAIN ENTRY--PERSONAL NAME
9 (RLIN) 5148
Personal name Ali, Maulavi Sher
245 10 - TITLE STATEMENT
Title Isai Mazhab Ka Photo : / عيسا‏‏ئی مذہب کا فوٹو
260 ## - PUBLICATION, DISTRIBUTION, ETC.
Place of publication, distribution, etc. Qadian :
Name of publisher, distributor, etc. Islamia Steam Press ,
Date of publication, distribution, etc. 1913.
300 ## - PHYSICAL DESCRIPTION
Extent 28 p. :
Dimensions 21 cm.
650 #0 - SUBJECT ADDED ENTRY--TOPICAL TERM
Topical term or geographic name entry element Religion, ধর্ম, Dharma, faith, creed, law, worship, property, আস্তিকতা, দীন
General subdivision Comparative Religion
9 (RLIN) 2606
942 ## - ADDED ENTRY ELEMENTS (KOHA)
Source of classification or shelving scheme Dewey Decimal Classification
Koha item type Books
Holdings
Withdrawn status Lost status Source of classification or shelving scheme Damaged status Not for loan Collection code Home library Current library Shelving location Date acquired Source of acquisition Serial Enumeration / chronology Total Checkouts Full call number Barcode Date last seen Copy number Price effective from Koha item type
    Dewey Decimal Classification     Non-fiction Asiatic Society Library Asiatic Society Library General Stacks 10/18/2021 ASB Library Collection U-0363   297.3 ALI 112810 10/18/2021 C-1 10/18/2021 Books

Powered by Koha